| 000 | 00873nam a2200325Ia 4500 | ||
|---|---|---|---|
| 001 | 41967 | ||
| 003 | IT-RoPAU | ||
| 008 | 130308s9999 xx 000 0 und d | ||
| 040 | _aIT-RoPAU | ||
| 040 | _cIT-RoPAU | ||
| 041 | _aITALIANO | ||
| 100 | _aAA.VV. | ||
| 100 | _gCodice Aut. SPICS: 12000 | ||
| 245 | _aTeatro contemporaneo-Appendice 3-1985 | ||
| 245 | _bTeatro Contemporaneo-Appendice 3-1985 | ||
| 250 | _a1a ed. | ||
| 260 | _aROMA | ||
| 260 | _bLucarini | ||
| 260 | _c1986 [1° Ed.:1986 - Ed.Ling.Originale:1986] | ||
| 300 | _a"418 p. (prefazione: 8; testo: 410)" | ||
| 500 | _aSaggi e Testimonianze documentazione spettacoli Bibliografia | ||
| 650 | _aSTORIA DEL TEATRO | ||
| 650 | _eCodice materia Spics: 8408 | ||
| 700 | _aVerdone Mario | ||
| 700 | _gCodice Aut. SPICS: 86 | ||
| 942 | _cBK | ||
| 957 | _71 | ||
| 999 |
_c75395 _d75395 |
||
| 999 | _bSI | ||
| 999 | _g1 | ||